000 00795cam a22002653a 4500
001 17678
003 PGUSA
005 20140828083357.0
008 060205s2006||||xxu|||||s|||||000 | eng d
040 _aPGUSA
_beng
042 _adc
050 4 _aBX
100 1 _aJewel, John,
_d1522-1571
245 1 4 _aThe Apology of the Church of England
_h[electronic resource] /
_cJohn Jewel
260 _bProject Gutenberg,
_c2006
506 _aPublic domain in the USA.
516 _aElectronic text
653 _aChurch of England -- Apologetic works
653 _aAnglican Communion -- Apologetic works
700 1 _aMorley, Henry,
_d1822-1894
700 1 _aBacon, Ann, Lady,
_d1528-1610
830 0 _aProject Gutenberg
_v17678
856 4 0 _uhttp://www.gutenberg.org/ebooks/17678
942 _cEB
999 _c246933
_d246933